Harry Potter Foursomes II Quiz Stats

 Plays Quiz Updated Jul 24, 2017

     
Support Sporcle.
Go Orange.
Score 0/48 Timer 07:00
1 Play Today
% Correct
Seeker
94.9%
Ron Weasley
94.1%
Ron Weasley
94.1%
Snake
93.3%
Keeper
92.4%
Slytherin
90.9%
Beater
90.8%
Lion
89.8%
Hermione Granger
89.8%
Neville Longbottom
89.6%
Seamus Finnigan
88.6%
Ravenclaw
88.3%
Chaser
86.6%
Harry Potter
86.5%
Dean Thomas
86.5%
Nagini
85.4%
Badger
84.1%
Sirius Black
83.4%
Hufflepuff
81.8%
Draco Malfoy
80.1%
Peter Pettigrew
79.5%
James Potter
79.3%
Gryffindor
79.2%
Rowena Ravenclaw's Diadem
79%
% Correct
Eagle
78.3%
Firenze
77%
The Three Broomsticks
75.1%
Rita Skeeter
72.4%
Helga Hufflepuff's Cup
70.7%
The Hog's Head
68.5%
Pansy Parkinson
63.2%
Bane
62.5%
House elf
57%
Wizard and Witch
55.4%
Centaur
54.9%
Ernie Macmillan
48.5%
Goblin
47.5%
Padma Patil
45.7%
Hannah Abbott
44.4%
Honeydukes
43.4%
Angelina Johnson
37.2%
Ronan
37%
Madam Puddifoot's Tea Shop
34.4%
Hestia Jones
28.7%
Lee Jordan
27.3%
Magorian
27.3%
Bertha Jorkins
22.9%
Anthony Goldstein
20.4%

From the Vault

Closest Countries to Mexico

by NarwhalNukeYT

These countries are the lucky ones. So close to great people, food, and culture!
Remove Ads.
Support Sporcle.
Get the best of Sporcle when you Go Orange. This ad-free experience offers more features, more stats, and more fun while also helping to support Sporcle. Thank you for becoming a member.

Show Comments

Extras

Top Quizzes Today


Score Distribution

Your Account Isn't Verified!

In order to create a playlist on Sporcle, you need to verify the email address you used during registration. Go to your Sporcle Settings to finish the process.

Report this User

Report this user for behavior that violates our Community Guidelines.

Details: